MSA My math tutor in algebra : (Record no. 116651)
[ view plain ]
| 000 -LEADER | |
|---|---|
| fixed length control field | 00505nam a2200169Ia 4500 |
| 008 - FIXED-LENGTH DATA ELEMENTS--GENERAL INFORMATION | |
| fixed length control field | 140512s9999 xx 000 0 und d |
| 020 ## - INTERNATIONAL STANDARD BOOK NUMBER | |
| International Standard Book Number | 9789718740724 |
| 050 ## - LIBRARY OF CONGRESS CALL NUMBER | |
| Classification number | QA 184.2 |
| Item number | .Al385 2013 |
| 100 ## - MAIN ENTRY--PERSONAL NAME | |
| Personal name | Alfarez, Merle S. |
| 245 ## - TITLE STATEMENT | |
| Title | MSA My math tutor in algebra : |
| Remainder of title | distance and clock problems |
| Statement of responsibility, etc | Merle S. Alfarez |
| 260 ## - PUBLICATION, DISTRIBUTION, ETC. (IMPRINT) | |
| Place of publication, distribution, etc | Quezon City : |
| Name of publisher, distributor, etc | MSA Publishing House, |
| Date of publication, distribution, etc | c2013. |
| 300 ## - PHYSICAL DESCRIPTION | |
| Extent | 122 p. : |
| Other physical details | ill. ; |
| Dimensions | 23 cm. |
| 650 ## - SUBJECT ADDED ENTRY--TOPICAL TERM | |
| Topical term or geographic name as entry element | Algebra |
| 650 ## - SUBJECT ADDED ENTRY--TOPICAL TERM | |
| Topical term or geographic name as entry element | Problem Solving |
| 942 ## - ADDED ENTRY ELEMENTS (KOHA) | |
| Koha item type | Books |
| Withdrawn status | Lost status | Damaged status | Home library | Current library | Shelving location | Date acquired | Cost, normal purchase price | Total Checkouts | Full call number | Barcode | Date last seen | Price effective from | Koha item type |
|---|---|---|---|---|---|---|---|---|---|---|---|---|---|
| Luxembourg Library | Luxembourg Library | Teachers Reference Section | 05/13/2014 | 250.00 | QA 184.2 .Al385 2013 | 19687 | 05/13/2014 | 05/13/2014 | Books |